000 00581nam a2200253Ia 4500
003 IT-RoPAU
008 120407s9999 xx 000 0 und d
040 _aIT-RoPAU
040 _cIT-RoPAU
041 _aita
100 _aHumberto Zanetti
100 _ccoll.
245 _aIl papĂ  in attesa. Un invito al protagonismo paterno.
250 _aCinisello Balsamo
260 _aEdizioni Paoline
260 _c1987
300 _a126 p.
300 _c21 cm
490 _aEducarsi alla salute
490 _v13
700 _aRomano Forleo
942 _cBK
999 _c24995
_d24995